00972nam a2200313Ia 4500008004100000020001900041100002200060245002900082245010400111260001500215260002000230260000900250300002300259300003900282300001100321440002400332440001100356500006900367650002300436650001300459650002400472650002600496650004800522650001400570650002200584650002200606650002200628700000800650160803s9999 xx 000 0 und d a978-0545021357 aStilton, Geronimo 2aA Very Merry Christmas / cGeronimo Stilton ; [illustrations by Claudius Cernuschi, Giuseppe Di Dio, and Christian Aliprandi]. aNew York : bScholastic Inc. c2007 a102, [20] pages :  bcolor illustrations, color maps ;  c20 cm. aGeronimo Stilton ;  vbk. 35 a"English translation ... by Atlantyca S.p.A."--Title page verso. aChristmas stories. aMice --  aNew York (N.Y.) --  aStilton, Geronimo --  aStilton, Geronimo (Fictitious character) -- x Fiction. xJuvenile fiction. xJuvenile fiction. xJuvenile fiction. a650